000 00368cam a22001097a 4500
008 180718b1989 xxu||||| |||| 00| 0 eng d
082 _aL1mx5442 1988-89/2
100 _aMahanagarpalika, Brihamumbai
245 _aAppendices to budget estimates 'A' 'B' & 'E', 1988-89
_cby Brihamumbai Mahanagarpalika
260 _aBombay
_bGovernment of Maharashtra
_c1989
300 _av.p.
999 _c503626
_d503626